MARC details
| 000 -LEADER |
| fixed length control field |
01297nam a2200265 a 4500 |
| 008 - FIXED-LENGTH DATA ELEMENTS--GENERAL INFORMATION |
| fixed length control field |
120416s1987 ||||||||||||||||| || u |
| 020 ## - INTERNATIONAL STANDARD BOOK NUMBER |
| International Standard Book Number |
0275928020 |
| 050 ## - LIBRARY OF CONGRESS CALL NUMBER |
| Classification number |
KF 5698 Gar |
| 100 ## - MAIN ENTRY--PERSONAL NAME |
| Personal name |
Garrett, Martin A |
| 245 10 - TITLE STATEMENT |
| Title |
Land use regulation |
| 246 ## - |
| -- |
the impacts of alternative land use rights |
| 260 ## - PUBLICATION, DISTRIBUTION, ETC. |
| Place of publication, distribution, etc. |
New York |
| Name of publisher, distributor, etc. |
Praeger |
| Date of publication, distribution, etc. |
1987 |
| 300 ## - PHYSICAL DESCRIPTION |
| Extent |
xix, 146p. : ill |
| 350 ## - |
| -- |
0.00 |
| 500 ## - GENERAL NOTE |
| General note |
Includes index. -Bibliography: p. [135]-140. |
| 650 ## - SUBJECT ADDED ENTRY--TOPICAL TERM |
| Topical term or geographic name entry element |
ZONING LAW--UNITED STATES |
| 650 ## - SUBJECT ADDED ENTRY--TOPICAL TERM |
| Topical term or geographic name entry element |
LAND |
| 650 ## - SUBJECT ADDED ENTRY--TOPICAL TERM |
| Topical term or geographic name entry element |
LAND USE--UNITED STATES |
| 650 ## - SUBJECT ADDED ENTRY--TOPICAL TERM |
| Topical term or geographic name entry element |
LAND USE--LAW AND LEGISLATION--UNITED STATES |
| 650 ## - SUBJECT ADDED ENTRY--TOPICAL TERM |
| Topical term or geographic name entry element |
ZONING--UNITED STATES |
| 995 ## - |
| -- |
ANNEX COLLECTION (Main Library) |
| -- |
0.00 |
| -- |
725044 |
| -- |
CBU-MAIN LIBRARY (Kitwe) |
| -- |
2 |
| -- |
33.95 |
| -- |
KF 5698 Gar |
| -- |
3 |
| -- |
AVAILABLE |
| -- |
009576 |
| -- |
Annex Low-Usage Collection |
| 995 ## - |
| -- |
ANNEX COLLECTION (Main Library) |
| -- |
0.00 |
| -- |
725041 |
| -- |
CBU-MAIN LIBRARY (Kitwe) |
| -- |
1 |
| -- |
33.95 |
| -- |
KF 5698 Gar |
| -- |
2 |
| -- |
AVAILABLE |
| -- |
009575 |
| -- |
Annex Low-Usage Collection |
| 995 ## - |
| -- |
ANNEX COLLECTION (Main Library) |
| -- |
0.00 |
| -- |
725043 |
| -- |
CBU-MAIN LIBRARY (Kitwe) |
| -- |
4 |
| -- |
33.95 |
| -- |
KF 5698 Gar |
| -- |
4 |
| -- |
AVAILABLE |
| -- |
009577 |
| -- |
Annex Low-Usage Collection |
| 995 ## - |
| -- |
ANNEX COLLECTION (Main Library) |
| -- |
0.00 |
| -- |
725042 |
| -- |
CBU-MAIN LIBRARY (Kitwe) |
| -- |
3 |
| -- |
33.95 |
| -- |
KF 5698 Gar |
| -- |
1 |
| -- |
AVAILABLE |
| -- |
009578 |
| -- |
Annex Low-Usage Collection |
| 999 ## - |
| -- |
80597 |
| -- |
80597 |